| 000 | 01151nam a22002537a 4500 | ||
|---|---|---|---|
| 005 | 20170124102955.0 | ||
| 010 | _aA-025105 | ||
| 020 | _c20.00 | ||
| 035 | _aA-025105 | ||
| 037 | _bCen Lib/Ret | ||
| 040 |
_aDPL _bHN |
||
| 082 |
_a824 _bशर्माआ |
||
| 100 |
_aशर्मा, आचार्य देवन्द्रनाथ _952818 |
||
| 245 |
_aप्रणाम की प्रदर्शनी में : _cआचार्य देवन्द्रनाथ शर्मा _bललित निबंध / |
||
| 246 |
_aPranam ki pradarshani mein : lalit nibandh / _bby Aacharya Devendra Sharma |
||
| 260 |
_aपटना _bपारिजात प्रकाशन _c1980 |
||
| 270 |
_bपटना _aडाकबंगला रोड _e800001 |
||
| 300 |
_a80पृ. _c21सेमी(सजिल्द) |
||
| 650 |
_aहिंदी साहित्य _952819 |
||
| 650 |
_aहिंदी साहित्य -- कहानियां _942761 |
||
| 650 |
_aHindi literature _952820 |
||
| 650 |
_aHindi literature --Stories _952821 |
||
| 942 |
_2ddc _cHN _h824 _mशर्माआ |
||
| 999 |
_c113564 _d113564 |
||